Online Catalogue and eLibrary

Women, Security, South Asia: (Record no. 1728)

MARC details
000 -LEADER
fixed length control field 00576nam a2200217Ia 4500
005 - DATE AND TIME OF LATEST TRANSACTION
control field 20250217060553.0
008 - FIXED-LENGTH DATA ELEMENTS--GENERAL INFORMATION
fixed length control field 240331s9999 xx 000 0 und d
020 ## - INTERNATIONAL STANDARD BOOK NUMBER
ISBN 0761933875
082 ## - DDC Classification
Item Number - Author Mark FAI
DDC Edition Number 1948
Class No. 305.4
245 #0 - TITLE STATEMENT
Title Women, Security, South Asia:
Remainder of title A Clearing in the Thicket
260 ## - PUBLICATION, DISTRIBUTION, ETC.
Place of publication, distribution, etc. New Delhi;
-- Thousand Oaks;
-- London
Name of publisher, distributor, etc. SAGE Publications
Date of publication, distribution, etc. 2005
300 ## - PHYSICAL DESCRIPTION
Extent (e.g. Volumes, Pages etc.) 215 p.,
650 ## - SUBJECT ADDED ENTRY--TOPICAL TERM
Topical term or geographic name entry element South Asia
650 ## - SUBJECT ADDED ENTRY--TOPICAL TERM
Topical term or geographic name entry element Women
650 ## - SUBJECT ADDED ENTRY--TOPICAL TERM
Topical term or geographic name entry element Marginality
650 ## - SUBJECT ADDED ENTRY--TOPICAL TERM
Topical term or geographic name entry element Gender
650 ## - SUBJECT ADDED ENTRY--TOPICAL TERM
Topical term or geographic name entry element Society
700 ## - ADDED ENTRY--PERSONAL NAME
Personal name Faizal, F
Relator term (Role) Editor
700 ## - ADDED ENTRY--PERSONAL NAME
Personal name Rajagopalan, S
Relator term (Role) Editor
942 ## - Koha item type (Biblio)
Koha item type Books in Stacks (Lending)
Holdings
Lost status Damaged status Collection code Home library Current library Shelving location Date acquired Full call number Accession Number Item type
    Lending WERC Library WERC Library Social Science Cupboard 03/31/2024 305.4 WOM 1948 Books in Stacks (Lending)

© WERC Library